Normal view
MARC view
Entry Topical Term
001 - CONTROL NUMBER
- control field: 2299
003 - CONTROL NUMBER IDENTIFIER
- control field: OSt
005 - DATE AND TIME OF LATEST TRANSACTION
- control field: 20150107133409.0
008 - FIXED-LENGTH DATA ELEMENTS
- fixed length control field: 150107|| aca||aabn | a|a d
040 ## - CATALOGING SOURCE
- Original cataloging agency: OSt
- Transcribing agency: OSt
150 ## - HEADING--TOPICAL TERM
- Topical term or geographic name entry element: Occupational therapy
670 ## - SOURCE DATA FOUND
- Source citation: Work cat.: (OSt): Finlay Linda 2298, Group work in occupational therapy./, 1993.
